Problem solving with FORTRAN 77 (Record no. 66854)

000 -LEADER
fixed length control field 00452nam a22001697a 4500
003 - CONTROL NUMBER IDENTIFIER
control field NUST - PNEC
005 - DATE AND TIME OF LATEST TRANSACTION
control field 20170116181005.0
008 - FIXED-LENGTH DATA ELEMENTS--GENERAL INFORMATION
fixed length control field 150912b xxu||||| |||| 00| 0 eng d
020 ## - INTERNATIONAL STANDARD BOOK NUMBER
International Standard Book Number 0713135921
040 ## - CATALOGING SOURCE
Transcribing agency LIBRARY
082 ## - DEWEY DECIMAL CLASSIFICATION NUMBER
Classification number 005.133 HAH
100 ## - MAIN ENTRY--PERSONAL NAME
9 (RLIN) 9758
Personal name Hahn, Brian D.
245 ## - TITLE STATEMENT
Title Problem solving with FORTRAN 77
Statement of responsibility, etc. Brian D. Hahn
260 ## - PUBLICATION, DISTRIBUTION, ETC.
Date of publication, distribution, etc. c.1987
650 ## - SUBJECT ADDED ENTRY--TOPICAL TERM
9 (RLIN) 9761
Topical term or geographic name entry element FORTRAN 77 (Computer program language)
General subdivision MIS
942 ## - ADDED ENTRY ELEMENTS (KOHA)
Source of classification or shelving scheme
Koha item type Book
Holdings
Withdrawn status Lost status Source of classification or shelving scheme Damaged status Not for loan Permanent Location Current Location Shelving location Date acquired Total Checkouts Full call number Barcode Date last seen Price effective from Koha item type
          Pakistan Navy Engineering College (PNEC) Pakistan Navy Engineering College (PNEC)       005.133 HAH PNECLIB-013708 09/12/2015   Book
          Pakistan Navy Engineering College (PNEC) Pakistan Navy Engineering College (PNEC)       005.133 HAH PNECLIB-012383 09/19/2015   Book
© 2023 Central Library, National University of Sciences and Technology. All Rights Reserved.